History Quiz

Random History Quiz
Score 0/10 Timer 04:00
0 Plays Today
clues names % Correct
the opposition party against JacksonWhigs
75%
Took place in NY and was the first women rights movementSeneca Falls Convention
33.3%
The building of this, made New York's Population rise 64%Erie Canal
25%
this epidemic cause about 4000 people to loose their livesYellow fever
22.9%
people could only use hard currency to pay for public landsSpecie Circular
12.5%
a new invention that made communication fasterthe Morse code
12.5%
Sauk and Fox Indians tried to get their tribal grounds backBlack Hawks
0%
the bill that asked for a road to be madeMaysville Road Bill
0%
1831 one of New Yorks first wealthy areasGramercy Park
0%
Urban fights between two of the poorest groupsCatholics and free black people
0%
Remove Ads.
Support Sporcle.
Get the best of Sporcle when you Go Orange. This ad-free experience offers more features, more stats, and more fun while also helping to support Sporcle. Thank you for becoming a member.

You're not logged in!

Compare scores with friends on all Sporcle quizzes.
OR
Log In

Show Comments

Extras

Created Oct 29, 2010ReportNominate

Top Quizzes Today


Score Distribution

Your Account Isn't Verified!

In order to create a playlist on Sporcle, you need to verify the email address you used during registration. Go to your Sporcle Settings to finish the process.

Report this User

Report this user for behavior that violates our Community Guidelines.

Details: